Jews and Christians in dialogue : New Testament foundations /

Bibliographic Details
Main Author: Koenig, John, 1938-
Format: Book
Language:English
Published: Philadelphia : Westminster Press, [1979]
Edition:1st ed.
Subjects:

MARC

Tag First Indicator Second Indicator Subfields
LEADER 00000pam a2200000 i 4500
001 in00000047658
005 20151007073441.0
008 790709s1979 pau b 00110 eng
010 |a  79017583  
020 |a 0664242804 
035 |a (OCoLC)05219382 
035 |9 AAE9744AM 
040 |a DLC  |c DLC  |d TXA  |d UtOrBLW 
049 |a TXAM  |c [980578] 
050 0 0 |a BS2545.J44  |b K63 
082 0 |a 225.6 
100 1 |a Koenig, John,  |d 1938- 
245 1 0 |a Jews and Christians in dialogue :  |b New Testament foundations /  |c by John Koenig. 
250 |a 1st ed. 
264 1 |a Philadelphia :  |b Westminster Press,  |c [1979] 
264 4 |c ©1979 
300 |a 185 pages ;  |c 20 cm. 
336 |a text  |b txt  |2 rdacontent 
337 |a unmediated  |b n  |2 rdamedia 
338 |a volume  |b nc  |2 rdacarrier 
500 |a Includes index. 
504 |a Bibliography: pages 175-178. 
630 0 0 |a Bible.  |p New Testament  |x Criticism, interpretation, etc. 
650 0 |a Jews in the New Testament. 
999 |a MARS 
999 f f |s ac8216c6-0516-36c6-b913-b1fbaf73d38e  |i 97294ef4-6dc2-374f-bfa2-02f685257cb0  |t 0 
952 f f |p ric  |a Texas A&M University  |b Rellis Campus  |c Joint Library Facility  |d Remote Storage  |t 0  |e BS2545.J44 K63  |h Library of Congress classification  |i unmediated -- volume  |m A14801784222 
998 f f |a BS2545.J44 K63  |t 0  |l Remote Storage